00750nam a22001815i 4500001000700000003000900007005001700016008004100033040001300074100004000087245011400127260005100241300002200292530003500314651003000349852010000379856008900479161077ES-MaACL20251122063133.0940301s1887 sp |||| | spa d aAR bspa1 aOrtega Munilla, José, d1856-192210aMares y montañas b: Vigo, San Sebastián, Panticosa, Linares, Los Pirineos, Bilbao / cJ. Ortega Munilla. aMadrid : b[s.n.], c1887 (fimp. de Fortanet) a226 p. ; c19 cm. aDisponible en formato digital. 4aEspaña-xDescripción. aES-MaACLjT-884-F-1 z-- Enc. hol. q-- Falto de la cub. original z-- Enc. en un vol. facticio uhttp://bdh-rd.bne.es/viewer.vm?id=0000090271&page=1 zBiblioteca Digital Hispánica